000 00584nam a22001817a 4500
999 _c61276
_d61276
005 20240125095834.0
008 240124s2009 enk||||| |||| 00| 0 eng d
020 _a9781848002890x
041 _aeng
080 _a51(076.1) G-69
100 _aGoud, M.
_921109
245 _aBridging the Gap to University Mathematics /
_cMartin Gould, Edvard Hurst.
264 _aLondon:
_bSpringer,
_c2009.
300 _a344 p.
_b24 cm.
653 _aუმაღლესი მათემატიკა
700 _aHursrt, Edvard
_eავტორი
_921110
942 _2udc
_cᲬᲘᲒᲜᲘ